000 00402nam a2200145Ia 4500
008 151213s9999 xx 000 0 und d
100 _aAbu Taher Mojumder.
245 _aLiterary and Other Essay
_cAbu Taher Mojumder.
260 _aDhaka
_bPoonam Prokashoni
_c1989
300 _a8872 p.
650 _aEnglish Literature
650 _aEnglish Literature
700 _aAbu Taher Mojumder.
999 _c4657
_d4657